<?xml version="1.0" encoding="UTF-8"?><?xml-stylesheet type="text/xsl" href="static/style.xsl"?><OAI-PMH xmlns="http://www.openarchives.org/OAI/2.0/" xmlns:xsi="http://www.w3.org/2001/XMLSchema-instance" xsi:schemaLocation="http://www.openarchives.org/OAI/2.0/ http://www.openarchives.org/OAI/2.0/OAI-PMH.xsd"><responseDate>2026-06-01T06:40:15Z</responseDate><request verb="GetRecord" identifier="oai:riuma.uma.es:10630/26164" metadataPrefix="marc">https://riuma.uma.es/rest/oai/request</request><GetRecord><record><header><identifier>oai:riuma.uma.es:10630/26164</identifier><datestamp>2026-02-03T11:20:13Z</datestamp><setSpec>com_10630_2254</setSpec><setSpec>col_10630_37953</setSpec></header><metadata><record xmlns="http://www.loc.gov/MARC21/slim" xmlns:dcterms="http://purl.org/dc/terms/" xmlns:doc="http://www.lyncode.com/xoai" xmlns:xsi="http://www.w3.org/2001/XMLSchema-instance" xsi:schemaLocation="http://www.loc.gov/MARC21/slim http://www.loc.gov/standards/marcxml/schema/MARC21slim.xsd">
   <leader>00925njm 22002777a 4500</leader>
   <datafield ind2=" " ind1=" " tag="042">
      <subfield code="a">dc</subfield>
   </datafield>
   <datafield ind2=" " ind1=" " tag="720">
      <subfield code="a">Zúñiga-Noël, David</subfield>
      <subfield code="e">author</subfield>
   </datafield>
   <datafield ind2=" " ind1=" " tag="720">
      <subfield code="a">Jaenal, Alberto</subfield>
      <subfield code="e">author</subfield>
   </datafield>
   <datafield ind2=" " ind1=" " tag="720">
      <subfield code="a">Gómez-Ojeda, Rubén</subfield>
      <subfield code="e">author</subfield>
   </datafield>
   <datafield ind2=" " ind1=" " tag="720">
      <subfield code="a">González-Jiménez, Antonio Javier</subfield>
      <subfield code="e">author</subfield>
   </datafield>
   <datafield ind2=" " ind1=" " tag="260">
      <subfield code="c">2020-07-10</subfield>
   </datafield>
   <datafield ind2=" " ind1=" " tag="520">
      <subfield code="a">This article presents a visual–inertial dataset gathered in indoor and outdoor scenarios with a handheld custom sensor rig, for over 80 min in total. The dataset contains hardware-synchronized data from a commercial stereo camera (Bumblebee®2), a custom stereo rig, and an inertial measurement unit. The most distinctive feature of this dataset is the strong presence of low-textured environments and scenes with dynamic illumination, which are recurrent corner cases of visual odometry and simultaneous localization and mapping (SLAM) methods. The dataset comprises 32 sequences and is provided with ground-truth poses at the beginning and the end of each of the sequences, thus allowing the accumulated drift to be measured in each case. We provide a trial evaluation of five existing state-of-the-art visual and visual–inertial methods on a subset of the dataset. We also make available open-source tools for evaluation purposes, as well as the intrinsic and extrinsic calibration parameters of all sensors in the rig. The dataset is available for download at http://mapir.uma.es/work/uma-visual-inertial-dataset</subfield>
   </datafield>
   <datafield ind1="8" ind2=" " tag="024">
      <subfield code="a">zuniga2020umavi</subfield>
   </datafield>
   <datafield ind1="8" ind2=" " tag="024">
      <subfield code="a">https://hdl.handle.net/10630/26164</subfield>
   </datafield>
   <datafield ind1="8" ind2=" " tag="024">
      <subfield code="a">10.1177/0278364920938439</subfield>
   </datafield>
   <datafield tag="653" ind2=" " ind1=" ">
      <subfield code="a">Visión</subfield>
   </datafield>
   <datafield tag="653" ind2=" " ind1=" ">
      <subfield code="a">Procesado de imágenes</subfield>
   </datafield>
   <datafield ind2="0" ind1="0" tag="245">
      <subfield code="a">The UMA-VI dataset: Visual–inertial odometry in low-textured and dynamic illumination environments</subfield>
   </datafield>
</record>
</metadata></record></GetRecord></OAI-PMH>